书目信息 |
| 题名: |
这样读懂汽车电路图
|
|
| 作者: | 刘春晖 主编 | |
| 分册: | ||
| 出版信息: | 北京 机械工业出版社 2012 |
|
| 页数: | 277页 | |
| 开本: | 26cm | |
| 丛书名: | 汽车维修易查易学丛书 | |
| 单 册: | ||
| 中图分类: | U463.620.2 | |
| 科图分类: | ||
| 主题词: | 汽车--电气设备--电路图 , 汽车 , 电气设备 , 电路图 | |
| 电子资源: | ||
| ISBN: | 978-7-111-37881-5 | |
| 000 | 00964nam0 22002891 450 | |
| 001 | 524 | |
| 005 | 20140909103808.09 | |
| 010 | @a978-7-111-37881-5@dCNY56.00 | |
| 100 | @a20120710d2012 em y0chiy50 ea | |
| 101 | 0 | @achi |
| 102 | @aCN@b110000 | |
| 105 | @aa z 000yy | |
| 106 | @ar | |
| 200 | 1 | @a这样读懂汽车电路图@AZhe Yang Du Dong Qi Che Dian Lu Tu@f刘春晖主编 |
| 210 | @a北京@c机械工业出版社@d2012 | |
| 215 | @a277页@c图@d26cm | |
| 225 | 2 | @a汽车维修易查易学丛书 |
| 330 | @a本书介绍汽车电路的基本知识、识读方法和技巧,以典型汽车电路图的识读为实例,介绍世界各国不同品牌的汽车电路图的识读方法,使读者能尽快掌握正确识读和分析汽车电咱图的技巧。 | |
| 461 | 0 | @12001 @a汽车维修易查易学丛书 |
| 606 | 0 | @a汽车@x电气设备@x电路图 |
| 606 | 0 | @a汽车 |
| 606 | 0 | @a电气设备 |
| 606 | 0 | @a电路图 |
| 690 | @aU463.620.2@v5 | |
| 701 | 0 | @a刘春晖@ALiu Chun Hui@g(职业教育)@4主编 |
| 801 | 0 | @aCN@bTANGWEI@c20140603 |
| 905 | @b0836463-65@dU463.620.2@e221@f3 | |
| 这样读懂汽车电路图/刘春晖主编.-北京:机械工业出版社,2012 |
| 277页:图;26cm.-(汽车维修易查易学丛书) |
| ISBN 978-7-111-37881-5:CNY56.00 |
| 本书介绍汽车电路的基本知识、识读方法和技巧,以典型汽车电路图的识读为实例,介绍世界各国不同品牌的汽车电路图的识读方法,使读者能尽快掌握正确识读和分析汽车电咱图的技巧。 |
| ● |
| 相关链接 |
|
|
|
|
正题名:这样读懂汽车电路图
索取号:U463.620.2/221
 
预约/预借
| 序号 | 登录号 | 条形码 | 馆藏地/架位号 | 状态 | 备注 |
| 1 | 0836463 | 208364633 | 第三借阅区/ [索取号:U463.620.2/221] | 在馆 | |
| 2 | 0836464 | 208364642 | 密集书库-物理学院/ [索取号:U463.620.2/221] | 在馆 | |
| 3 | 0836465 | 208364651 | 第二样本阅览室/ [索取号:U463.620.2/221] | 在馆 |